000
00313nam a22001337a 4500
008
170310b xxu||||| |||| 00| 0 eng d
020
_a
0824770919
041
_a
eng
080
_a
611
100
_a
6
101
_a
SHM
245
_a
HANDBOOK OF THE SPINAL CARD ANATOMY PHYSIOLOGY
_c
DAVIDOFF.R.A
942
_2
udc
_c
BK
999
_c
7405
_d
7405